000 00342nam a2200133Ia 4500
008 190216s9999||||xx |||||||||||||| ||und||
100 _aSathy Praksh &tuli G D
245 0 _aAdvanced Inorganic Chemistry
250 _a15th Ed.
260 _bShyamlal Charitable Trust
_c1976
300 _a898
650 _aChemistry-Chemistry
942 _cBK
999 _c2527
_d2527